[Event "COL-ch sf1"]
[Site "Medellin"]
[Date "2019.04.21"]
[Round "10"]
[White "Vanegas, Ricardo"]
[Black "Silva, Enmanuel"]
[Result "0-1"]
[WhiteElo "1818"]
[BlackElo "2123"]
[PlyCount "90"]
[EventDate "2019.04.16"]
[EventType "swiss"]
[EventRounds "10"]
[EventCountry "COL"]
[SourceTitle "CBM 190 Extra"]
[Source "ChessBase"]
[SourceDate "2019.07.15"]
[SourceVersion "1"]
[SourceVersionDate "2019.07.15"]
[SourceQuality "1"]

1. e4 c5 2. Nf3 d6 3. d4 cxd4 4. Nxd4 Nf6 5. Nc3 a6 6. Bg5 Nbd7 7. f4 Qc7 8. Qf3 h6 9. Bh4 e6 10. 0-0-0 b5 11. Bd3 Bb7 12. Rhe1 b4 13. Nd5 exd5 14. exd5+ Kd8 15. Nc6+ Bxc6 16. dxc6 Nc5 17. Bxf6+ gxf6 18. Re2 Qa7 19. Rde1 Kc7 20. Bf5 Ne6 21. Bxe6 fxe6 22. Rxe6 Rh7 23. Qe4 Rf7 24. Qxb4 Qb6 25. Qe4 f5 26. Qe2 Qxc6 27. Qh5 Qd7 28. R1e3 Rc8 29. Qe2 Qb5 30. Qf3 Kd7 31. Re2 Re7 32. Qe3 Rce8 33. Qa7+ Kd8 34. Rxd6+ Kc8 35. Rxe7 Bxe7 36. Rd3 Bc5 37. Qa8+ Kc7 38. Qf3 Re1+ 39. Kd2 Re4 40. Qh5 Qb4+ 41. Rc3 Qd4+ 42. Rd3 Qf2+ 43. Kc3 Qe1+ 44. Rd2 Bb4+ 45. Kb3 Qxd2 0-1

[Event "COL-ch sf1"]
[Site "Medellin"]
[Date "2019.04.20"]
[Round "8"]
[White "Valderrama Quiceno, Esteban Alberto"]
[Black "Silva, Enmanuel"]
[Result "1-0"]
[WhiteElo "2447"]
[BlackElo "2123"]
[PlyCount "41"]
[EventDate "2019.04.16"]
[EventType "swiss"]
[EventRounds "10"]
[EventCountry "COL"]
[SourceTitle "CBM 190 Extra"]
[Source "ChessBase"]
[SourceDate "2019.07.15"]
[SourceVersion "1"]
[SourceVersionDate "2019.07.15"]
[SourceQuality "1"]

1. c4 c5 2. Nf3 Nf6 3. d4 cxd4 4. Nxd4 b6 5. Nc3 Bb7 6. f3 g6 7. e4 Bg7 8. Be3 d6 9. Be2 Nbd7 10. 0-0 Rc8 11. Qd2 h5 12. Rac1 a6 13. Rfd1 h4 14. Nd5 e6 15. Nxf6+ Bxf6 16. b4 g5 17. Nb3 Be7 18. c5 bxc5 19. bxc5 d5 20. Na5 Ba8 21. c6 1-0

[Event "COL-ch sf1"]
[Site "Medellin"]
[Date "2019.04.17"]
[Round "3"]
[White "Silva, Enmanuel"]
[Black "Mendoza, Rafael Enrique"]
[Result "1/2-1/2"]
[WhiteElo "2123"]
[BlackElo "2290"]
[PlyCount "70"]
[EventDate "2019.04.16"]
[EventType "swiss"]
[EventRounds "10"]
[EventCountry "COL"]
[SourceTitle "CBM 190 Extra"]
[Source "ChessBase"]
[SourceDate "2019.07.15"]
[SourceVersion "1"]
[SourceVersionDate "2019.07.15"]
[SourceQuality "1"]

1. Nf3 Nf6 2. d4 g6 3. g3 Bg7 4. Bg2 0-0 5. c4 d5 6. cxd5 Nxd5 7. 0-0 Nc6 8. e4 Nb6 9. d5 Na5 10. Qc2 c6 11. Bd2 Nac4 12. Bc3 cxd5 13. Rd1 Nd6 14. exd5 Qc7 15. Qb3 Qc4 16. Qxc4 Nbxc4 17. b3 Nb6 18. Bxg7 Kxg7 19. Nc3 Bg4 20. Rd3 Bxf3 21. Bxf3 Rac8 22. Re1 Rc7 23. a4 a5 24. Ne2 Rfc8 25. Nd4 Rc1 26. Kf1 Rxe1+ 27. Kxe1 Rc5 28. g4 Kf6 29. Ne2 Nd7 30. Re3 h6 31. h4 Rc7 32. Bg2 Nc5 33. Rf3+ Kg7 34. Re3 Kf8 35. Nd4 Nd7 1/2-1/2

[Event "American Continental 13th"]
[Site "Medellin"]
[Date "2017.06.18"]
[Round "11"]
[White "Estrada, Walter"]
[Black "Silva, Enmanuel"]
[Result "0-1"]
[WhiteElo "1982"]
[BlackElo "2119"]
[PlyCount "78"]
[EventDate "2017.06.10"]
[EventType "swiss"]
[EventRounds "11"]
[EventCountry "COL"]
[SourceTitle "CBM 178 Extra"]
[Source "ChessBase"]
[SourceDate "2017.06.22"]
[SourceVersion "1"]
[SourceVersionDate "2017.06.22"]
[SourceQuality "1"]

1. e4 c5 2. Nf3 Nc6 3. d4 cxd4 4. Nxd4 Nf6 5. Nc3 d6 6. Be2 e5 7. Nb3 h6 8. Be3 Be6 9. 0-0 Be7 10. Bf3 0-0 11. Qe2 Rc8 12. Rfd1 Qc7 13. Rd2 a6 14. a4 Nb4 15. Rc1 Rfd8 16. g3 d5 17. Nxd5 Nfxd5 18. exd5 Nxd5 19. Bxd5 Bxd5 20. Rcd1 Qc6 21. Na5 Qe6 22. c4 Be4 23. f3 Rxd2 24. Rxd2 Bg6 25. Rd5 e4 26. f4 b6 27. Nb3 Qc6 28. f5 Bh7 29. Nd2 Qxa4 30. Bxb6 Qa1+ 31. Nf1 Qb1 32. Bd4 e3 33. Bc3 Bxf5 34. Rd1 Qe4 35. Rd4 Qe6 36. Rd5 Bc5 37. Rxc5 Rxc5 38. Qxe3 Rxc4 39. Qf2 Re4 0-1

[Event "American Continental 13th"]
[Site "Medellin"]
[Date "2017.06.14"]
[Round "7"]
[White "Silva, Enmanuel"]
[Black "Arboleda, Juan Manuel"]
[Result "1-0"]
[WhiteElo "2119"]
[BlackElo "1875"]
[PlyCount "55"]
[EventDate "2017.06.10"]
[EventType "swiss"]
[EventRounds "11"]
[EventCountry "COL"]
[SourceTitle "CBM 178 Extra"]
[Source "ChessBase"]
[SourceDate "2017.06.22"]
[SourceVersion "1"]
[SourceVersionDate "2017.06.22"]
[SourceQuality "1"]

1. e4 c5 2. Nc3 Nc6 3. g3 g6 4. Bg2 Bg7 5. f4 d6 6. d3 Nf6 7. h3 0-0 8. Nf3 e5 9. 0-0 Nh5 10. Ne2 Nd4 11. Kh2 exf4 12. Nxf4 Nxf4 13. gxf4 f5 14. Nxd4 Bxd4 15. e5 c4 16. c3 Bb6 17. Bd5+ Kh8 18. Bxc4 dxe5 19. fxe5 f4 20. Rxf4 Rxf4 21. Bxf4 Qh4 22. Qf3 Bxh3 23. Bg3 Qe7 24. Kxh3 Rf8 25. Qg4 Rf5 26. d4 Qd7 27. e6 Rh5+ 28. Qxh5 1-0

[Event "American Continental 13th"]
[Site "Medellin"]
[Date "2017.06.13"]
[Round "5"]
[White "Londono Lopez, Donaldo Eliuver"]
[Black "Silva, Enmanuel"]
[Result "1-0"]
[WhiteElo "1578"]
[BlackElo "2119"]
[PlyCount "61"]
[EventDate "2017.06.10"]
[EventType "swiss"]
[EventRounds "11"]
[EventCountry "COL"]
[SourceTitle "CBM 178 Extra"]
[Source "ChessBase"]
[SourceDate "2017.06.22"]
[SourceVersion "1"]
[SourceVersionDate "2017.06.22"]
[SourceQuality "1"]

1. e4 c5 2. c3 d5 3. exd5 Qxd5 4. d4 Nc6 5. Nf3 Bg4 6. Be2 e6 7. 0-0 Nf6 8. Be3 cxd4 9. cxd4 Bd6 10. h3 Qh5 11. Nc3 Rd8 12. Qb3 0-0 13. Qb5 Bxf3 14. Bxf3 Qxb5 15. Nxb5 Bb8 16. Rfd1 Rd7 17. Rac1 Nb4 18. a3 Nbd5 19. Nc3 h6 20. Ne4 Nxe4 21. Bxe4 f5 22. Bf3 Rfd8 23. Rc2 g5 24. Be2 a6 25. Bc4 Kf7 26. Re1 Kf6 27. Bd2 Rc8 28. Bb3 Rxc2 29. Bxc2 Ba7 30. Bc3 Nc7 31. d5+ 1-0

[Event "American Continental 13th"]
[Site "Medellin"]
[Date "2017.06.13"]
[Round "6"]
[White "Robledo, Andres Mauricio"]
[Black "Silva, Enmanuel"]
[Result "1/2-1/2"]
[WhiteElo "1942"]
[BlackElo "2119"]
[PlyCount "68"]
[EventDate "2017.06.10"]
[EventType "swiss"]
[EventRounds "11"]
[EventCountry "COL"]
[SourceTitle "CBM 178 Extra"]
[Source "ChessBase"]
[SourceDate "2017.06.22"]
[SourceVersion "1"]
[SourceVersionDate "2017.06.22"]
[SourceQuality "1"]

1. d4 d5 2. c4 c6 3. cxd5 cxd5 4. Nc3 a6 5. Bf4 Nc6 6. e3 Nf6 7. Bd3 b5 8. a3 h6 9. Rc1 Qb6 10. Be5 e6 11. Bxf6 gxf6 12. Nge2 f5 13. 0-0 Na5 14. Bxf5 Nc4 15. Nf4 Bb7 16. Bxe6 fxe6 17. Qh5+ Kd7 18. e4 dxe4 19. d5 Re8 20. dxe6+ Rxe6 21. Nxe6 Qxe6 22. Nxb5 axb5 23. Qxb5+ Qc6 24. Qxc4 Qxc4 25. Rxc4 Rh7 26. Rd1+ Ke6 27. b4 Bd6 28. a4 Rg7 29. g3 h5 30. b5 Rg5 31. Rcd4 Bc5 32. Rd8 e3 33. Re1 h4 34. Re8+ Kd7 1/2-1/2